[Event "Transcontinental 4"] 
[Site "?"] 
[Date "2011.04.29"] 
[Round "1"] 
[White "Efpraxiadis, Jean"] 
[Black "He, Shao Hang"] 
[Result "1/2-1/2"] 
[WhiteElo "1647"] 
[BlackElo "1554"] 
[Annotator "?"]

1. e4 c5 2. Nc3 Nc6 3. Bb5 d6 4. Bxc6+ bxc6 5. f4 g6 6. Nf3 Bg7 7. O-O Ba6 8. d3 e6 9. Qe1 Ne7 10. Kh1 O-O 11. f5 exf5 12. Qh4 f6 13. Bh6 Rb8 14. Bxg7 Kxg7 15. b3 Qa5 16. Ne2 Rfe8 17. Nf4 Bc8 18. Qg3 Kf7 19. Nh3 fxe4 20. Nfg5+ Kg7 21. Qxd6 Bf5 22. Nxe4 Nd5 23. Qxc5 Qxc5 24. Nxc5 Re2 25. Rf2 Rbe8 26. Ne4 Rxf2 27. Nexf2 Nb4 28. Kg1 Nxc2 29. Rc1 Nb4 1/2-1/2


[9 "6"]

[Event "Transcontinental 4"] 
[Site "?"] 
[Date "2011.04.29"] 
[Round "1"] 
[White "Lalumiere, Claude"] 
[Black "Lemieux, Serge"] 
[Result "0-1"] 
[WhiteElo "1933"] 
[BlackElo "1662"] 
[Annotator "?"]

1. e4 {0} 1... e6 2. d4 d5 3. Nc3 c5 4. exd5 exd5 5. Bf4 c4 6. g3 Nf6 7. Bg2 Bb4 8. Nge2 Bg4 9. O-O Bxc3 10. bxc3 Nbd7 11. Bd6 Nb6 12. Ba3 Qd7 13. Re1 O-O-O 14. Qc1 Rde8 15. f3 Bh3 16. Rb1 Bxg2 17. Kxg2 Re6 18. Nf4 Rxe1 19. Qxe1 Re8 20. Qd2 g5 21. Ne2 g4 22. Rf1 Na4 23. Rf2 h5 24. Bb4 b6 25. Rf1 a5 26. Ba3 h4 27. gxh4 Rg8 28. Ng3 gxf3+ 29. Rxf3 Ne4 30. Qf4 f6 31. Qf5 Qxf5 32. Rxf5 Naxc3 33. Bc1 Kd7 34. a3 Ke6 35. Rh5 Ne2 36. Be3 N2xg3 37. Rh7 Nf5+ 38. Kf3 Nxe3 39. Kxe3 b5 40. h5 Rg2 41. h6 Rxh2 42. Rh8 Nd6 43. h7 Nf7 44. Rb8 Rxh7 45. Rxb5 Rh3+ 46. Kf4 Rxa3 47. Rb6+ Nd6 48. Ra6 a4 0-1


[5 "9"]

[Event "Transcontinental 4"] 
[Site "?"] 
[Date "2011.04.29"] 
[Round "1"] 
[White "Luo, Zhao Yang"] 
[Black "Morin, Louis"] 
[Result "1-0"] 
[WhiteElo "1913"] 
[BlackElo "1886"] 
[Annotator "?"]

1. Nf3 d5 2. d4 e6 3. c4 c5 4. Nc3 Nc6 5. cxd5 exd5 6. dxc5 d4 7. Ne4 Bxc5 8. Nxc5 Qa5+ 9. Bd2 Qxc5 10. Qa4 b5 11. Qd1 Bb7 12. Rc1 Qd5 13. a4 a6 14. b4 bxa4 15. Qxa4 Nge7 16. e3 dxe3 17. Bxe3 O-O 18. Bc4 Qh5 19. O-O Nd5 20. Bc5 Rfe8 21. Rfd1 Ne5 22. Nxe5 Rxe5 23. Qd7 Nc7 24. Qxc7 Bd5 25. Bxd5 Rxd5 26. Rxd5 Qxd5 27. Be3 Rd8 28. h3 h6 29. Qa5 Qd7 30. Qxa6 1-0


[9 "2"]

[Event "Transcontinental 4"] 
[Site "?"] 
[Date "2011.04.29"] 
[Round "1"] 
[White "Morissette, Jean"] 
[Black "Lopez, Lizandro"] 
[Result "0-1"] 
[WhiteElo "1905"] 
[BlackElo "1892"] 
[Annotator "?"]

1. d4 {0} 1... Nf6 2. Bg5 d5 3. Bxf6 exf6 4. e3 Bd6 5. c4 dxc4 6. Bxc4 O-O 7. Nc3 c6 8. Nge2 Qe7 9. O-O f5 10. Rc1 Nd7 11. Qc2 Nf6 12. Bd3 g6 13. g3 Re8 14. Rfe1 Ne4 15. Nf4 b6 16. Bf1 Bb7 17. Bg2 Rac8 18. Qa4 a6 19. Qb3 b5 20. a4 b4 21. Nce2 a5 22. Nd3 c5 23. dxc5 Nxc5 24. Nxc5 Bxg2 25. Kxg2 Bxc5 26. Nf4 Qe4+ 27. f3 Qe5 28. Nd3 Qe7 29. e4 Bd4 30. exf5 Qf6 31. fxg6 hxg6 32. Rxc8 Rxc8 33. Re2 Kg7 34. h4 Bb6 35. Qd5 Rd8 36. Qc4 Rd4 37. Qb5 Rd8 38. Qe5 Rxd3 39. Qe4 Rd1 40. h5 Rg1+ 41. Kh2 Ra1 42. hxg6 Qxg6 43. Qe5+ Qf6 44. Qxf6+ Kxf6 45. Rc2 Bd4 46. b3 Bc3 0-1


[6 "0"]

[Event "Transcontinental 4"] 
[Site "?"] 
[Date "2011.04.29"] 
[Round "1"] 
[White "Perna-Fraser, David"] 
[Black "Sonn, Eric"] 
[Result "0-1"] 
[WhiteElo "1659"] 
[BlackElo "1550"] 
[Annotator "?"]

1. e4 {0} 1... c5 2. Nf3 e6 3. d3 Nc6 4. Be2 Qc7 5. O-O Nf6 6. Nc3 a6 7. b3 b6 8. Bb2 Bb7 9. Nb1 Ng4 10. h3 h5 11. Re1 Be7 12. Bxg7 Rh7 13. Bb2 O-O-O 14. Nbd2 Rg8 15. e5 Ngxe5 16. Nxe5 Nxe5 17. Bf3 Nxf3+ 18. Nxf3 f6 19. Kf1 Rhg7 20. g3 Rxg3 21. fxg3 Qxg3 22. Re3 Qxh3+ 23. Ke1 Rg2 24. Re2 Bxf3 25. Rxg2 Qh1+ 26. Kd2 Qxg2+ 27. Kc3 Bxd1 28. Rxd1 Bd6 29. Ba3 Be5+ 30. Kc4 Qd5# 0-1


[5 "1"]

[Event "Transcontinental 4"] 
[Site "?"] 
[Date "2011.04.29"] 
[Round "1"] 
[White "Lescarbeau, Martin"] 
[Black "Millette, Sylvain"] 
[Result "1-0"] 
[WhiteElo "1616"] 
[BlackElo "1583"] 
[Annotator "?"]

1. d4 {0} 1... Nf6 2. Nf3 d5 3. e3 g6 4. Bd3 Bg7 5. Nbd2 a6 6. O-O O-O 7. c3 Nbd7 8. Re1 c5 9. Ne5 Qc7 10. f4 e6 11. g4 Nxe5 12. fxe5 Ne8 13. g5 Bxe5 14. dxe5 Qxe5 15. Nf3 Qg7 16. e4 dxe4 17. Bxe4 f6 18. Be3 fxg5 19. Bxc5 Rf4 20. Bd4 Qe7 21. Be5 Rg4+ 22. Kh1 Nf6 23. Qc2 Nxe4 24. Rxe4 h5 25. Rxg4 hxg4 26. Qxg6+ 1-0


[4 "7"]

[Event "Transcontinental 4"] 
[Site "?"] 
[Date "2011.04.30"] 
[Round "2"] 
[White "Sonn, Eric"] 
[Black "Millette, Sylvain"] 
[Result "1/2-1/2"] 
[WhiteElo "1550"] 
[BlackElo "1583"] 
[Annotator "?"]

1. c4 Nf6 2. Nc3 g6 3. e4 e5 4. Nf3 d6 5. d4 Nc6 6. dxe5 dxe5 7. Qxd8+ Nxd8 8. Nxe5 Bb4 9. Bd3 Ne6 10. Be3 Nc5 11. Bxc5 Bxc5 12. Nd5 Nxd5 13. exd5 Bd4 14. Kd2 Bxb2 15. Rae1 O-O 16. f4 Ba3 17. Kc3 c6 18. dxc6 f6 19. Nd7 Bxd7 20. cxd7 Rad8 21. f5 Kg7 22. fxg6 hxg6 23. Be4 Rxd7 24. Rd1 1/2-1/2


[4 "6"]

[Event "Transcontinental 4"] 
[Site "?"] 
[Date "2011.04.30"] 
[Round "2"] 
[White "Morin, Louis"] 
[Black "Morissette, Jean"] 
[Result "1-0"] 
[WhiteElo "1886"] 
[BlackElo "1905"] 
[Annotator "?"]

1. e4 c5 2. d4 cxd4 3. c3 dxc3 4. Nxc3 Nc6 5. Nf3 d6 6. Bc4 e6 7. O-O Nge7 8. Bg5 a6 9. Qe2 h6 10. Be3 Ng6 11. Rad1 b5 12. Bb3 Be7 13. Nd4 Bd7 14. f4 b4 15. Na4 Nxd4 16. Bxd4 Bb5 17. Qh5 O-O 18. f5 Bxf1 19. fxg6 Bb5 20. gxf7+ Kh7 21. Bxe6 Bd7 22. Qf5+ g6 23. Bxd7 1-0


[7 "6"]

[Event "Transcontinental 4"] 
[Site "?"] 
[Date "2011.04.30"] 
[Round "2"] 
[White "Lemieux, Serge"] 
[Black "Lopez, Lizandro"] 
[Result "0-1"] 
[WhiteElo "1662"] 
[BlackElo "1892"] 
[Annotator "?"]

1. d4 {0} 1... Nf6 2. c4 c5 3. Nf3 e6 4. Nc3 cxd4 5. Nxd4 d6 6. Bg5 Be7 7. e3 a6 8. Bd3 Nbd7 9. Nf3 O-O 10. Rc1 b6 11. b4 Bb7 12. h4 Rc8 13. Rh3 d5 14. a3 dxc4 15. Bc2 a5 16. Ba4 Bc6 17. Bxc6 Rxc6 18. Nd4 Rc8 19. b5 Ne5 20. Nc6 Nd3+ 21. Kf1 Rxc6 22. bxc6 Nxc1 23. Qxc1 Qd3+ 24. Kg1 Qd6 25. Bxf6 Bxf6 26. Ne4 Qxc6 27. Nxf6+ gxf6 28. Qc3 e5 29. Qc2 e4 30. f3 Rd8 31. fxe4 c3 32. e5 Rd2 33. Rg3+ Kf8 34. Qxh7 c2 35. exf6 c1=Q+ 36. Kh2 Qxf6 37. Rg8+ Ke7 38. Qe4+ Qe6 0-1


[1 "2"]

[Event "Transcontinental 4"] 
[Site "?"] 
[Date "2011.04.30"] 
[Round "2"] 
[White "Perna-Fraser, David"] 
[Black "Efpraxiadis, Jean"] 
[Result "1/2-1/2"] 
[WhiteElo "1659"] 
[BlackElo "1617"] 
[Annotator "?"]

1. e4 {0} 1... d6 2. d4 Nf6 3. Nc3 e5 4. dxe5 dxe5 5. Qxd8+ Kxd8 6. Bg5 c6 7. Nf3 Nbd7 8. O-O-O Ke8 9. Bxf6 gxf6 10. Ne2 Nc5 11. Ng3 Be6 12. a3 Rd8 13. Rxd8+ Kxd8 14. Be2 Bh6+ 15. Kb1 a5 16. Nh4 Bg5 17. Nhf5 Bxf5 18. exf5 b5 19. h4 Bh6 20. Nh5 Ke7 21. Bf3 Rc8 22. Rd1 Nb7 23. g4 Nd6 24. Nxf6 Nxf5 25. gxf5 Kxf6 26. Rd6+ Kg7 27. Bxc6 b4 28. axb4 axb4 29. h5 Bg5 30. Bd5 Rd8 31. Rxd8 Bxd8 32. Ka2 Kf6 33. Kb3 Be7 34. Kc4 Kxf5 35. Bxf7 Kf6 36. Bd5 Kg5 37. Bf3 Kf4 38. Be2 e4 39. Kd5 Bh4 40. Kc4 Be7 41. Bd1 Bf6 42. Kxb4 Bxb2 43. c4 Bd4 44. c5 Bxf2 45. c6 Bb6 46. Kb5 Bc7 47. Ka6 e3 48. Kb7 Ba5 49. c7 Bxc7 50. Kxc7 Kg5 51. Kd6 Kf6 52. Kd5 h6 53. Ke4 Kg7 54. Kxe3 Kh8 55. Kf4 Kg8 56. Kf5 Kh8 57. Kg6 Kg8 58. Bg4 Kh8 59. Bf5 Kg8 60. Kxh6 Kh8 61. Kg5 Kg8 62. Kf6 Kh8 63. Be6 Kh7 64. Kf7 Kh8 1/2-1/2


[1 "4"]

[Event "Transcontinental 4"] 
[Site "?"] 
[Date "2011.04.30"] 
[Round "2"] 
[White "Lalumiere, Claude"] 
[Black "Luo, Zhao Yang"] 
[Result "0-1"] 
[WhiteElo "1933"] 
[BlackElo "1913"] 
[Annotator "?"]

1. e4 c6 2. d4 d5 3. exd5 cxd5 4. Bd3 Nc6 5. c3 Nf6 6. Bf4 Bg4 7. Qb3 Qd7 8. Nd2 Nh5 9. Be3 Nf6 10. Nf1 e6 11. Ng3 Bd6 12. N1e2 Bxe2 13. Bxe2 Rc8 14. Rd1 O-O 15. O-O a6 16. Bc1 b5 17. a3 Rc7 18. Bd3 Rfc8 19. Bb1 h6 20. Rfe1 Qd8 21. f4 Ng4 22. h3 Qh4 23. Rd3 Nf6 24. Rf1 Nxd4 25. Qd1 Nc6 26. Bd2 Bc5+ 27. Kh2 Ne4 28. Be1 Qe7 29. Qh5 Nf6 30. Qe2 Rd7 31. Bd2 d4 32. Ne4 Nxe4 33. Qxe4 Qf6 34. Rg3 Kf8 35. Qh7 Ne7 36. Qh8+ Ng8 37. Bh7 Ke7 38. Bxg8 Rdd8 39. Rxg7 Rxg8 40. Rxg8 Qxh8 41. Rxh8 Rxh8 42. Re1 Kf6 43. g4 Kg6 44. Kg3 Rd8 45. Re2 dxc3 46. Bxc3 Rd3+ 47. Kg2 Bxa3 48. Rc2 Bd6 49. Bd2 Rd4 50. Kf3 Rd3+ 51. Kf2 f5 52. Bc1 a5 53. Rc8 Bb4 54. Rc6 Rd6 55. Rc8 Bd2 56. Kf3 Bxc1 57. Rxc1 Rd3+ 58. Ke2 Rxh3 59. gxf5+ exf5 60. Rc6+ Kh5 61. Kd2 Kg4 62. Rb6 Rb3 63. Kc2 Rb4 64. Rxh6 Kxf4 65. Ra6 a4 66. Ra8 Ke3 67. Re8+ Re4 68. Rb8 Re5 69. Rd8 f4 70. Rd3+ Ke2 71. Rd2+ Kf1 72. Rd1+ Kg2 73. Rd2+ Kg3 74. Rd8 f3 0-1


[1 "4"]

[Event "Transcontinental 4"] 
[Site "?"] 
[Date "2011.04.30"] 
[Round "2"] 
[White "He, Shao Hang"] 
[Black "Lescarbeau, Martin"] 
[Result "1/2-1/2"] 
[WhiteElo "1554"] 
[BlackElo "1616"] 
[Annotator "?"]

1. d4 {0} 1... d5 2. c4 c6 3. e3 Nf6 4. Nf3 a6 5. Nc3 dxc4 6. Bxc4 b5 7. Bd3 e6 8. O-O Nbd7 9. e4 h6 10. Bf4 c5 11. dxc5 Nxc5 12. Bc2 Bb7 13. Re1 Be7 14. a3 O-O 15. b4 Ncd7 16. Rc1 Rc8 17. Bb1 Nb6 18. Nd2 Nc4 19. Nxc4 Rxc4 20. f3 Qb6+ 21. Be3 Qc7 22. Ne2 Rd8 23. Rxc4 Qxc4 24. Qc1 Qxc1 25. Rxc1 Rd7 26. Nd4 Ne8 27. Nb3 Rc7 28. Rxc7 Nxc7 29. Nc5 Bc6 30. Kf2 Kf8 31. Ke2 Bxc5 32. Bxc5+ Ke8 33. Ba2 Kd7 34. Kd3 g6 35. Kd4 f6 36. Ke3 Ne8 37. g4 Nd6 38. Kd3 Nf7 39. Bd4 Ng5 40. Ke3 e5 41. Bc5 Ne6 42. Bxe6+ Kxe6 43. h4 Kf7 44. f4 exf4+ 45. Kxf4 g5+ 46. hxg5 fxg5+ 47. Kf3 Kg6 48. Ke3 Bd7 49. Kf3 h5 50. gxh5+ Kxh5 51. e5 Kg6 52. Bd4 Kf5 53. Bc3 Be6 54. Bb2 Kg6 55. Kg3 Kf7 56. Kf3 Ke7 57. Bd4 Kd7 58. Be3 g4+ 59. Kg3 Kc6 60. Bd4 Kd5 61. Bb2 Kc4 62. Kf4 Kb3 63. Bc1 Kc2 64. Be3 Kd3 65. Bc1 Ke2 66. Kg3 Kd3 67. Kf4 Kc2 68. Be3 Kb2 69. Bb6 Kxa3 70. Ba5 Kb3 71. Kg3 Kc4 72. Kf4 Kd4 73. Bc7 Kc4 74. Ba5 Kd4 1/2-1/2


[6 "3"]

[Event "Transcontinental 4"] 
[Site "?"] 
[Date "2011.04.30"] 
[Round "3"] 
[White "Lescarbeau, Martin"] 
[Black "Perna-Fraser, David"] 
[Result "1-0"] 
[WhiteElo "1616"] 
[BlackElo "1659"] 
[Annotator "?"]

1. d4 d5 2. e4 e6 3. e5 c5 4. c3 Nc6 5. Nf3 cxd4 6. cxd4 Bb4+ 7. Nbd2 Nge7 8. a3 Ba5 9. b4 Bb6 10. Bb2 Nf5 11. Nb3 Bc7 12. g4 Nfe7 13. Bd3 Ng6 14. Qd2 a5 15. b5 Nce7 16. a4 b6 17. h4 h5 18. g5 Bb7 19. O-O Nf5 20. Bxf5 exf5 21. Ba3 Qd7 22. Qd3 f4 23. e6 Qe7 24. Qf5 Qxe6 25. Rae1 Nf8 26. Rxe6+ Nxe6 27. Re1 O-O-O 28. Qxf7 Nf8 29. Rc1 Rd7 30. Qe8+ Rd8 31. Qe5 Rd7 32. Rxc7+ 1-0


[6 "5"]

[Event "Transcontinental 4"] 
[Site "?"] 
[Date "2011.04.30"] 
[Round "3"] 
[White "Luo, Zhao Yang"] 
[Black "Lemieux, Serge"] 
[Result "1-0"] 
[WhiteElo "1913"] 
[BlackElo "1662"] 
[Annotator "?"]

1. d4 e6 2. Nf3 d5 3. e3 Nf6 4. Bd3 Nc6 5. a3 Bd6 6. O-O O-O 7. b3 Ne7 8. Bb2 Ng6 9. c4 c6 10. Nbd2 Qc7 11. c5 Be7 12. b4 b5 13. Ne5 Nd7 14. f4 f5 15. Nxg6 hxg6 16. Nf3 Kh7 17. Ne5 Nxe5 18. dxe5 Rh8 19. Rf3 Kg8 20. Rg3 Kf7 21. a4 Bd7 22. axb5 cxb5 23. Ra5 a6 24. Qf3 Bc6 25. Bd4 Bb7 26. Rh3 Rh6 27. Rxh6 gxh6 28. g4 Rg8 29. Kf1 Qd8 30. gxf5 exf5 31. Qh3 Bc8 32. Qxh6 Rh8 33. e6+ 1-0


[7 "2"]

[Event "Transcontinental 4"] 
[Site "?"] 
[Date "2011.04.30"] 
[Round "3"] 
[White "Millette, Sylvain"] 
[Black "He, Shao Hang"] 
[Result "0-1"] 
[WhiteElo "1586"] 
[BlackElo "1554"] 
[Annotator "?"]

1. Nf3 {0} 1... d5 2. g3 Nf6 3. Bg2 Bg4 4. d4 c6 5. O-O e6 6. Nbd2 Nbd7 7. e4 dxe4 8. h3 Bxf3 9. Nxf3 exf3 10. Qxf3 Bd6 11. b3 O-O 12. Bb2 Rc8 13. Rfe1 b6 14. Rad1 Qc7 15. Re2 c5 16. dxc5 Bxc5 17. c4 Rfd8 18. Red2 Be7 19. Qb7 Qxb7 20. Bxb7 Rc7 21. Ba6 Rf8 22. Bb5 Nc5 23. Be5 Rcc8 24. Bxf6 Bxf6 25. b4 Ne4 26. Rd7 Nc3 27. R1d2 Nxb5 28. cxb5 Rfd8 29. a4 Kf8 30. a5 Ke8 31. R7d3 Rxd3 32. Rxd3 Be7 33. Rb3 Rc4 34. axb6 axb6 35. Ra3 Rxb4 36. Ra8+ Bd8 0-1


[8 "6"]

[Event "Transcontinental 4"] 
[Site "?"] 
[Date "2011.04.30"] 
[Round "3"] 
[White "Lopez, Lizandro"] 
[Black "Morin, Louis"] 
[Result "0-1"] 
[WhiteElo "1892"] 
[BlackElo "1886"] 
[Annotator "?"]

1. d4 e5 2. dxe5 Nc6 3. Bf4 g5 4. Bg3 Bg7 5. Nc3 Nge7 6. Qd2 Ng6 7. O-O-O Ngxe5 8. e3 d6 9. h4 h6 10. Nge2 Be6 11. b3 Qf6 12. Nd4 O-O-O 13. Bb5 Nxd4 14. Qxd4 Kb8 15. Ne4 Qg6 16. h5 Qf5 17. Qb4 Nc4 18. Ba6 Qxe4 19. bxc4 Ka8 20. Bb5 c6 21. Ba4 Qxc4 22. Qxc4 Bxc4 23. Rxd6 Rxd6 24. Bxd6 Bxa2 25. Rd1 Bd5 26. f3 f5 27. Be7 Kb8 28. Kd2 Re8 29. Bd6+ Kc8 30. Ke2 Rd8 31. Bb4 Bc4+ 32. Ke1 Rxd1+ 33. Kxd1 b5 34. Bb3 Bxb3 35. cxb3 Kd7 36. Kd2 Ke6 37. Kd3 Kd5 38. e4+ fxe4+ 39. fxe4+ Ke6 40. g4 Kd7 41. Bc5 a5 42. Bb6 a4 43. bxa4 bxa4 44. Bc5 Ke8 45. Ba3 Bf8 46. Bb2 a3 47. Ba1 Kf7 48. e5 Ke6 49. Ke4 Bb4 50. Kd3 Be1 51. Ke4 Bd2 0-1


[7 "1"]

[Event "Transcontinental 4"] 
[Site "?"] 
[Date "2011.04.30"] 
[Round "3"] 
[White "Morissette, Jean"] 
[Black "Lalumiere, Claude"] 
[Result "1-0"] 
[WhiteElo "1905"] 
[BlackElo "1933"] 
[Annotator "?"]

1. d4 Nf6 2. Bg5 g6 3. Bxf6 exf6 4. e3 d5 5. c4 c6 6. Nc3 dxc4 7. Bxc4 Bg7 8. Nge2 Nd7 9. h4 Nb6 10. Bb3 h5 11. Nf4 Bh6 12. Qf3 Qd6 13. Nd3 Bg4 14. Ne4 Qe7 15. Qxf6 Rh7 16. Ndc5 Qc7 17. Nxb7 Nd7 18. Bxf7+ Kf8 19. Qxg6 Qxb7 20. O-O Rh8 21. Bb3 Ke7 22. Rac1 Rac8 23. Qf7+ Kd8 24. Nd6 Qc7 25. Nxc8 Qxc8 26. d5 c5 27. d6 Re8 28. Ba4 Bf8 29. Bxd7 Qxd7 30. Qf6+ Kc8 31. b4 Bxd6 32. bxc5 Bb8 33. Qa6+ Kc7 34. c6 Qf5 35. Qb7+ Kd6 36. c7 1-0


[3 "4"]

[Event "Transcontinental 4"] 
[Site "?"] 
[Date "2011.05.01"] 
[Round "4"] 
[White "Luo, Zhao Yang"] 
[Black "Morissette, Jean"] 
[Result "1/2-1/2"] 
[WhiteElo "1913"] 
[BlackElo "1905"] 
[Annotator "?"]

1. d4 d5 2. c4 e6 3. Nf3 Nf6 4. Bg5 Be7 5. Nc3 h6 6. Bh4 O-O 7. e3 b6 8. cxd5 exd5 9. Bd3 Bb7 10. O-O Nbd7 11. Qe2 c5 12. Rfc1 a6 13. a4 Ne4 14. Bxe7 Qxe7 15. dxc5 Nxc3 16. bxc3 Nxc5 17. Nd4 Rfe8 18. Rcb1 Qf6 19. Qc2 Rac8 20. Bf5 Rc7 21. Qb2 g6 22. Bc2 Nd7 23. Ra3 Ne5 24. Rb3 Nc4 25. Qc1 Rb8 26. Bd3 Bc8 27. Rb4 Bd7 28. Bxc4 dxc4 29. Qf1 Bf5 30. Nxf5 Qxf5 31. Rxb6 Rxb6 32. Rxb6 Qa5 33. Rb4 Qd5 1/2-1/2


[8 "6"]

[Event "Transcontinental 4"] 
[Site "?"] 
[Date "2011.05.01"] 
[Round "4"] 
[White "Perna-Fraser, David"] 
[Black "Millette, Sylvain"] 
[Result "0-1"] 
[WhiteElo "1662"] 
[BlackElo "1583"] 
[Annotator "?"]

1. e4 {0} 1... Nf6 2. Nc3 d5 3. e5 d4 4. exf6 dxc3 5. bxc3 exf6 6. Nf3 Bg4 7. Be2 Bd6 8. Rb1 Nd7 9. O-O O-O 10. Nd4 Bxe2 11. Qxe2 Re8 12. Qf3 b6 13. Nc6 Ne5 14. Nxe5 fxe5 15. d3 Qh4 16. g3 Qa4 17. Rb2 Ba3 18. Rb3 Bxc1 19. Rxc1 Qxa2 20. Rb5 Qa3 21. Re1 Qxc3 22. Rbxe5 Qxe1+ 23. Rxe1 Rxe1+ 24. Kg2 Ree8 25. Qc6 Rec8 26. h4 a5 27. h5 h6 28. g4 a4 29. g5 hxg5 30. h6 a3 31. hxg7 Kxg7 32. Qc3+ f6 33. Qa1 a2 34. Kg3 Rd8 35. Kg4 Rd5 36. f4 gxf4 37. Kxf4 Rb5 38. Qg1+ Kf7 39. Qh1 a1=Q 40. Qh7+ Ke6 41. Qh3+ Kd6 42. Kf3 Qe5 43. c4 Qf5+ 0-1


[9 "2"]

[Event "Transcontinental 4"] 
[Site "?"] 
[Date "2011.05.01"] 
[Round "4"] 
[White "Lalumiere, Claude"] 
[Black "Lopez, Lizandro"] 
[Result "0-1"] 
[WhiteElo "1933"] 
[BlackElo "1892"] 
[Annotator "?"]

1. e4 c6 2. d4 d5 3. exd5 cxd5 4. Bd3 Nc6 5. c3 Nf6 6. Bf4 g6 7. Nd2 Bg7 8. Ndf3 O-O 9. Ne2 Bf5 10. Bxf5 gxf5 11. Ng3 e6 12. Ng5 h6 13. h4 b5 14. Rh3 Ng4 15. Qd2 f6 16. Nxe6 Re8 17. O-O-O Rxe6 18. f3 b4 19. Nxf5 bxc3 20. bxc3 Qa5 21. Nxg7 Kxg7 22. Rg3 Rae8 23. Rxg4+ Kh8 24. Bg3 Re3 25. Kb1 R8e7 26. Be5 Rb7+ 27. Ka1 Qxc3+ 28. Qxc3 Rxc3 29. Bxf6+ Kh7 30. Rb1 Rf7 31. Be5 Rc2 32. a3 Rd2 33. h5 Re7 34. Rg6 Nxd4 35. Bxd4 Rxd4 36. Ra6 Rh4 37. g4 Rd7 38. Rb2 Rh3 39. Rf6 Rh1+ 40. Ka2 Rd1 41. Rc2 Rb7 42. Rb2 Rd7 43. a4 d4 44. Kb3 d3 45. Kc3 d2 46. Rc6 Rc1+ 0-1


[1 "3"]

[Event "Transcontinental 4"] 
[Site "?"] 
[Date "2011.05.01"] 
[Round "4"] 
[White "Efpraxiadis, Jean"] 
[Black "Lescarbeau, Martin"] 
[Result "1/2-1/2"] 
[WhiteElo "1647"] 
[BlackElo "1616"] 
[Annotator "?"]

1. e4 {0} 1... c6 2. d4 d5 3. exd5 cxd5 4. c4 Nf6 5. Nc3 g6 6. Nf3 Bg7 7. Bd3 Nc6 8. c5 O-O 9. Bf4 Bg4 10. Be2 Ne4 11. Ne5 Bxe2 12. Nxc6 bxc6 13. Nxe2 e5 14. f3 Qa5+ 15. Bd2 Nxd2 16. Qxd2 Qxd2+ 17. Kxd2 exd4 18. Kd3 Rfe8 19. Nxd4 Bxd4 20. Kxd4 Re2 21. b4 Rae8 22. a4 Rd2+ 23. Kc3 Ree2 24. b5 Rc2+ 25. Kb4 Rc4+ 26. Ka5 Rxc5 27. Rhc1 Rec2 28. Rxc2 Rxc2 29. bxc6 Rxc6 30. Rd1 Kf8 31. Rxd5 Ke7 32. Rd2 f5 33. Kb5 Rb6+ 34. Kc4 Ra6 35. Ra2 Kd7 36. a5 Rc6+ 37. Kb5 a6+ 38. Kb4 Kd6 39. Rd2+ Kc7 40. Rd5 Rc1 41. Rc5+ Rxc5 42. Kxc5 g5 43. g4 f4 44. Kd5 Kd7 45. Ke5 Kc6 46. Kf5 Kb5 47. Kxg5 Kxa5 48. Kxf4 Kb5 49. Ke3 Kc4 50. f4 a5 51. f5 a4 52. f6 a3 53. f7 a2 54. f8=Q a1=Q 55. Qf7+ Kc5 56. Qxh7 Qg1+ 57. Kf4 Qf2+ 58. Kg5 Qe3+ 59. Kf6 Qd4+ 60. Kf7 Qd7+ 61. Kg8 Qxg4+ 62. Kh8 Qc8+ 63. Kg7 Qd7+ 64. Kg6 Qe6+ 65. Kg5 Qe3+ 66. Kg4 Qe2+ 67. Kg3 Qe3+ 1/2-1/2


[1 "1"]

[Event "Transcontinental 4"] 
[Site "?"] 
[Date "2011.05.01"] 
[Round "4"] 
[White "Sonn, Eric"] 
[Black "He, Shao Hang"] 
[Result "1/2-1/2"] 
[WhiteElo "1554"] 
[BlackElo "1550"] 
[Annotator "?"]

1. c4 e6 2. e4 c6 3. d4 d5 4. Nc3 Bb4 5. Bd3 dxe4 6. Bxe4 Nf6 7. Bc2 O-O 8. Nf3 Nbd7 9. O-O b6 10. Bg5 Bb7 11. Qd3 Be7 12. Bh4 Rc8 13. Ng5 g6 14. Qh3 Nh5 15. Nce4 Ndf6 16. Qe3 c5 17. Rad1 Nxe4 18. Bxe4 Bxe4 19. dxc5 Bxc5 20. Qxe4 Qc7 21. Nf3 Be7 22. b3 Bxh4 23. Qxh4 Rfe8 24. Rd2 Qe7 25. Qg4 Rcd8 26. Rfd1 Rxd2 27. Rxd2 Rd8 28. Rxd8+ Qxd8 29. Qd4 Qc7 30. Kf1 Ng7 31. g4 h5 32. h3 hxg4 33. hxg4 Ne8 34. Ke2 Kf8 35. Kd3 Qd6 36. Ne5 f6 37. Nxg6+ Kg7 38. Nf4 e5 39. Qxd6 Nxd6 40. Nd5 Kg6 41. f3 Kf7 42. b4 Ke6 43. a4 f5 44. gxf5+ Nxf5 45. Nc7+ Kd7 46. Nb5 a6 47. Nc3 Kd6 48. Nd5 Kc6 49. Nc3 Nd6 50. Ne4 Nf5 51. b5+ axb5 52. cxb5+ Kd5 53. Nf6+ Kc5 54. Kc3 Ne7 55. Ne4+ Kd5 56. Kb4 Nf5 57. a5 bxa5+ 58. Kxa5 Ne7 59. Kb6 Nc8+ 60. Kb7 {La partie continua avec le coup illegal 60... Cd7 61. b6 Rd4 62. Rc7 Cxb6 63. Rxb6 Re3 64. Cg5 Rf4} 1/2-1/2


[3 "6"]

[Event "Transcontinental 4"] 
[Site "?"] 
[Date "2011.05.01"] 
[Round "5"] 
[White "Lescarbeau, Martin"] 
[Black "Sonn, Eric"] 
[Result "1/2-1/2"] 
[WhiteElo "1616"] 
[BlackElo "1550"] 
[Annotator "?"]

1. d4 Nf6 2. Nf3 c5 3. e3 g6 4. Bd3 d5 5. c3 Bg7 6. Nbd2 Bg4 7. h3 Bxf3 8. Qxf3 Nbd7 9. O-O O-O 10. Qg3 Nh5 11. Qh2 f5 12. f4 Nhf6 13. Nf3 c4 14. Bc2 b5 15. Ne5 Nxe5 16. fxe5 Ne4 17. Bxe4 dxe4 18. Bd2 e6 1/2-1/2


[9 "7"]

[Event "Transcontinental 4"] 
[Site "?"] 
[Date "2011.05.01"] 
[Round "5"] 
[White "Lopez, Lizandro"] 
[Black "Luo, Zhao Yang"] 
[Result "1-0"] 
[WhiteElo "1892"] 
[BlackElo "1913"] 
[Annotator "?"]

1. d4 Nf6 2. c4 g6 3. Nc3 Bg7 4. e4 d6 5. Nf3 O-O 6. Be2 e5 7. O-O Nc6 8. d5 Ne7 9. b4 Nd7 10. a4 f5 11. Ng5 Nf6 12. Bf3 f4 13. c5 a6 14. Ba3 Kh8 15. b5 Ne8 16. Ne6 Bxe6 17. dxe6 Qc8 18. Qb3 Rf6 19. Bg4 h5 20. Bh3 g5 21. f3 Bf8 22. cxd6 cxd6 23. Nd5 Nxd5 24. exd5 Qc7 25. b6 Qg7 26. g4 Rh6 27. Rac1 Rh7 28. Rc2 Qh6 29. gxh5 Qxh5 30. Bg4 Qh4 31. Rfc1 e4 32. Bb2+ Kg8 33. Bf5 Rh6 34. Bxe4 Nf6 35. Bxf6 Rxf6 36. Rc7 Rh6 37. Qb2 g4 38. fxg4 Rb8 39. Qf2 Qxf2+ 40. Kxf2 Rxh2+ 41. Kf3 Rh3+ 42. Kxf4 Bh6+ 43. g5 Rh4+ 44. Kf5 Rf8+ 45. Rf7 Bxg5 46. Kxg5 Rxe4 47. Kf5 Re5+ 48. Kf6 Rxf7+ 49. exf7+ 1-0


[5 "7"]

[Event "Transcontinental 4"] 
[Site "?"] 
[Date "2011.05.01"] 
[Round "5"] 
[White "Morissette, Jean"] 
[Black "Lemieux, Serge"] 
[Result "1-0"] 
[WhiteElo "1905"] 
[BlackElo "1662"] 
[Annotator "?"]

1. d4 e6 2. c4 d5 3. Nf3 dxc4 4. g3 Nf6 5. Bg2 Bb4+ 6. Bd2 Be7 7. O-O c6 8. Qc2 Nbd7 9. Qxc4 Nb6 10. Qc2 O-O 11. Rd1 Bd7 12. a4 Nbd5 13. Ne5 Nb4 14. Qb3 a5 15. Na3 Be8 16. Nac4 Nfd5 17. e4 Nb6 18. Be3 Nxc4 19. Nxc4 b5 20. Ne5 Rc8 21. Rac1 Na6 22. d5 bxa4 23. Qc4 Nb4 24. dxe6 Qc7 25. Bf4 Bd6 26. exf7+ Bxf7 27. Nxf7 Bxf4 28. Nd6+ Kh8 29. gxf4 1-0


[1 "0"]

[Event "Transcontinental 4"] 
[Site "?"] 
[Date "2011.05.01"] 
[Round "5"] 
[White "He, Shao Hang"] 
[Black "Perna-Fraser, David"] 
[Result "0-1"] 
[WhiteElo "1554"] 
[BlackElo "1659"] 
[Annotator "?"]

1. d4 b6 2. c4 e6 3. Nf3 Bb7 4. Nc3 Nf6 5. Bg5 Be7 6. e3 Ne4 7. Bf4 Bb4 8. Qc2 g5 9. Bg3 h5 10. h3 Nxg3 11. fxg3 Bd6 12. Qf2 h4 13. gxh4 gxh4 14. O-O-O Bg3 15. Qc2 Na6 16. a3 Qe7 17. Bd3 O-O-O 18. Ne4 f5 19. Nxg3 hxg3 20. e4 fxe4 21. Bxe4 Bxe4 22. Qxe4 c6 23. Rhf1 Rdf8 24. Ne5 Rxf1 25. Rxf1 Rf8 26. Rxf8+ Qxf8 27. Qf3 Qd6 28. Qe4 Nc7 29. h4 Qf8 30. Nf3 Ne8 31. Qg4 Nd6 32. Qxg3 Nxc4 33. Qg5 c5 34. d5 Qh8 35. dxe6 Qxb2+ 36. Kd1 Qb1+ 37. Ke2 Qe4+ 38. Kf2 Qxe6 39. h5 Nd6 40. Qg7 Nf5 41. Qf8+ Kb7 42. g4 Qe3+ 43. Kg2 Qe2+ 44. Kg1 Ne3 45. Nh4 Qxg4+ 46. Kf2 Qxh4+ 47. Kxe3 Qxh5 48. Qd6 Qh3+ 49. Ke4 Qe6+ 50. Qxe6 dxe6 51. Ke5 Kc6 52. Kxe6 c4 0-1


[9 "9"]